[Event "Benidorm 2010 - Sub-2000"]
[Site "Benidorm ESP"]
[Date "2010.12.05"]
[Round "3.10"]
[White "Mingarro Carceller, Sergio"]
[Black "Belinchon Calleja, David"]
[Result "1-0"]
[WhiteElo "1917"]
[BlackElo "1990"]
[PlyCount "35"]
[EventDate "2010.12.03"]
[EventType "swiss"]
[EventRounds "10"]
[EventCountry "ESP"]
[Source "lmi"]
[SourceDate "2010.12.03"]

1. e4 c5 2. c3 d5 3. exd5 Qxd5 4. d4 Nc6 5. Nf3 Bg4 6. Be2 e6 7. O-O Nf6 8. Na3
cxd4 9. Nb5 Rc8 10. Nbxd4 Be7 11. Be3 O-O 12. Nxc6 Rxc6 13. Nd4 Bxe2 14. Nxc6
Qxc6 15. Qxe2 a6 16. Rfd1 b5 17. Bg5 Nd5 18. Rxd5 1-0

[Event "Benidorm 2010 - Sub-2000"]
[Site "Benidorm ESP"]
[Date "2010.12.05"]
[Round "3.11"]
[White "Shen, Yue"]
[Black "Vladut, Matei"]
[Result "1-0"]
[WhiteElo "1911"]
[BlackElo "1988"]
[PlyCount "107"]
[EventDate "2010.12.03"]
[EventType "swiss"]
[EventRounds "10"]
[EventCountry "ESP"]
[Source "lmi"]
[SourceDate "2010.12.03"]

1. e4 c6 2. c4 d5 3. exd5 cxd5 4. cxd5 Qxd5 5. Nc3 Qa5 6. d4 Nf6 7. Bc4 e6 8.
Nf3 Be7 9. O-O O-O 10. Bd2 Qc7 11. Bb3 a6 12. Rc1 Qd6 13. Ne2 Nd5 14. Ng3 b6
15. Ne4 Qd8 16. Bc2 Nd7 17. Ne5 Bb7 18. Bb1 Rc8 19. Qa4 Nxe5 20. dxe5 b5 21.
Qb3 Rxc1 22. Rxc1 Qb8 23. Qg3 Rc8 24. Rd1 Nb6 25. Bh6 g6 26. Nd6 Rd8 27. Qf4
Bxd6 28. exd6 Nd7 29. Qh4 f6 30. Qh3 Kf7 31. a3 Bd5 32. Bd2 Nf8 33. Bb4 Qb7 34.
Qg3 Rc8 35. Bd3 Nd7 36. Qh4 Kg7 37. Bf1 Qc6 38. Qd4 Qb6 39. Qxb6 Nxb6 40. Ba5
Nd7 41. Bc7 Kf7 42. Ra1 Bb3 43. Rc1 Bd5 44. a4 bxa4 45. Bxa6 Ra8 46. Bb5 Ke8
47. h3 a3 48. bxa3 Rxa3 49. Bb6 Rb3 50. Rc8+ Kf7 51. Bxd7 Rxb6 52. Be8+ Kg7 53.
d7 Rb1+ 54. Kh2 1-0

[Event "Benidorm 2010 - Sub-2000"]
[Site "Benidorm ESP"]
[Date "2010.12.05"]
[Round "3.14"]
[White "Zotes Flecha, Luis"]
[Black "Benito Vicente, Jose Oscar"]
[Result "1/2-1/2"]
[WhiteElo "1902"]
[BlackElo "1982"]
[PlyCount "58"]
[EventDate "2010.12.03"]
[EventType "swiss"]
[EventRounds "10"]
[EventCountry "ESP"]
[Source "lmi"]
[SourceDate "2010.12.03"]

1. c4 f5 2. d3 Nf6 3. Nf3 e6 4. g3 d5 5. cxd5 exd5 6. Bg2 c6 7. O-O Be7 8. Nbd2
O-O 9. Qc2 Nbd7 10. e4 Nc5 11. e5 Ne8 12. Nb3 Ne6 13. Nfd4 N8c7 14. Nxe6 Nxe6
15. f4 Qb6+ 16. Kh1 Nd4 17. Nxd4 Qxd4 18. Qc3 Qb6 19. d4 Be6 20. Be3 Rac8 21.
a3 c5 22. Qd2 c4 23. Rfc1 Qa6 24. a4 Bd8 25. a5 b5 26. axb6 Qxb6 27. Qc3 Rb8
28. Ra2 Be7 29. Bd2 Rb7 1/2-1/2

[Event "Benidorm 2010 - Sub-2000"]
[Site "Benidorm ESP"]
[Date "2010.12.05"]
[Round "3.15"]
[White "Rubio Tent, Francisco"]
[Black "Rubio Tello, Abel"]
[Result "1-0"]
[WhiteElo "1980"]
[BlackElo "1898"]
[PlyCount "121"]
[EventDate "2010.12.03"]
[EventType "swiss"]
[EventRounds "10"]
[EventCountry "ESP"]
[Source "lmi"]
[SourceDate "2010.12.03"]

1. b3 c5 2. Bb2 d5 3. e3 Nf6 4. f4 a6 5. Nf3 Nc6 6. Be2 Bf5 7. O-O e6 8. Ne5 h6
9. Nxc6 bxc6 10. d3 Bd6 11. Nd2 Qc7 12. Nf3 O-O 13. Ne5 Nd7 14. Nxd7 Qxd7 15.
Kh1 Qc7 16. Bf3 e5 17. e4 Bd7 18. f5 d4 19. f6 gxf6 20. Bg4 Qc8 21. Bxd7 Qxd7
22. Qh5 Kg7 23. Rf3 Rh8 24. Raf1 Be7 25. Bc1 Rag8 26. Rg3+ Kf8 27. Qxh6+ Ke8
28. Rff3 Kd8 29. Qd2 Kc8 30. Qa5 Qb7 31. Ba3 Qb5 32. Qxb5 cxb5 33. Rxg8+ Rxg8
34. Rh3 Kd7 35. Rh7 Ke6 36. h4 b4 37. Bc1 a5 38. Kg1 a4 39. Kf1 axb3 40. axb3
Ra8 41. Ke2 Rg8 42. Kf3 Ra8 43. h5 Ra2 44. Bd2 Rxc2 45. Ke2 f5 46. Kd1 Ra2 47.
exf5+ Kxf5 48. Rxf7+ Ke6 49. Rf3 Ra1+ 50. Kc2 Rh1 51. h6 Bf6 52. g4 Rh2 53. Kd1
Kf7 54. g5 Rh1+ 55. Kc2 Ke6 56. Rxf6+ Kd5 57. g6 e4 58. Rf5+ Ke6 59. dxe4 Rh3
60. g7 d3+ 61. Kb2 1-0

[Event "Benidorm 2010 - Sub-2000"]
[Site "Benidorm ESP"]
[Date "2010.12.05"]
[Round "3.17"]
[White "Garcia-castany, Musellas Gal La"]
[Black "Sanz Garcia, Roberto"]
[Result "1-0"]
[WhiteElo "1863"]
[BlackElo "1970"]
[PlyCount "61"]
[EventDate "2010.12.03"]
[EventType "swiss"]
[EventRounds "10"]
[EventCountry "ESP"]
[Source "lmi"]
[SourceDate "2010.12.03"]

1. e4 c5 2. Nf3 Nc6 3. d4 cxd4 4. Nxd4 e5 5. Nb5 a6 6. Nd6+ Bxd6 7. Qxd6 Qf6 8.
Qxf6 Nxf6 9. Nc3 Nb4 10. Kd2 d5 11. a3 d4 12. axb4 dxc3+ 13. Ke3 Ng4+ 14. Kf3
f5 15. exf5 Bxf5 16. h3 h5 17. bxc3 Bxc2 18. Bb2 Rf8+ 19. Kg3 Nxf2 20. Rg1 Nd3
21. Ra2 Bb3 22. Ra3 Bc4 23. Bc1 Ke7 24. Be2 Rac8 25. Bxh5 Nf4 26. Bf3 Bd5 27.
Re1 Ke6 28. Bg4+ Kd6 29. Bxc8 Nxg2 30. Rd1 Rf3+ 31. Kh2 1-0

[Event "Benidorm 2010 - Sub-2000"]
[Site "Benidorm ESP"]
[Date "2010.12.05"]
[Round "3.18"]
[White "Ribon Calabia, Mariano"]
[Black "Macdonald, Paul H"]
[Result "0-1"]
[WhiteElo "1846"]
[BlackElo "1969"]
[PlyCount "62"]
[EventDate "2010.12.03"]
[EventType "swiss"]
[EventRounds "10"]
[EventCountry "ESP"]
[Source "lmi"]
[SourceDate "2010.12.03"]

1. e4 c5 2. Nf3 a6 3. Nc3 e6 4. d4 cxd4 5. Nxd4 Nc6 6. Nxc6 bxc6 7. Bd3 d5 8.
O-O Bc5 9. Qe2 Ne7 10. Bg5 h6 11. Bh4 g5 12. Bg3 Ng6 13. Rad1 O-O 14. Kh1 Bd6
15. e5 Be7 16. Qh5 Kg7 17. f4 gxf4 18. Bxf4 Bg5 19. Bg3 a5 20. h4 Nxh4 21. Bxh4
Bxh4 22. Rxf7+ Rxf7 23. Qg6+ Kf8 24. Qxh6+ Rg7 25. Rf1+ Kg8 26. Bh7+ Rxh7 27.
Qg6+ Rg7 28. Qh5 Qg5 29. Qf3 Ba6 30. Rd1 Rf8 31. Qh3 Qg4 0-1

[Event "Benidorm 2010 - Sub-2000"]
[Site "Benidorm ESP"]
[Date "2010.12.05"]
[Round "3.32"]
[White "Hall, Rachid"]
[Black "Gomez Manzano, Francisco Carlos"]
[Result "1-0"]
[WhiteElo "1987"]
[BlackElo "1845"]
[PlyCount "50"]
[EventDate "2010.12.03"]
[EventType "swiss"]
[EventRounds "10"]
[EventCountry "ESP"]
[Source "lmi"]
[SourceDate "2010.12.03"]

1. d4 Nf6 2. c4 e6 3. Nf3 d5 4. Nc3 c6 5. e3 Bb4 6. Bd2 O-O 7. Bd3 Nbd7 8. O-O
Re8 9. Nxd5 Bxd2 10. Nxf6+ Nxf6 11. Qxd2 Qc7 12. Rac1 h6 13. Bb1 a5 14. h3 a4
15. Qd3 g6 16. Ne5 c5 17. f4 cxd4 18. exd4 b6 19. Qe3 Kh7 20. Rf3 Rg8 21. Rg3
Bb7 22. Rf1 Nh5 23. Rg4 Qe7 24. f5 exf5 25. Rxf5 Rg7 1-0

[Event "Benidorm 2010 - Sub-2000"]
[Site "Benidorm ESP"]
[Date "2010.12.05"]
[Round "3.37"]
[White "Elizondo Market, Juan Marcos"]
[Black "Sanz Ortiz, Joaquim"]
[Result "1-0"]
[WhiteElo "1952"]
[BlackElo "1579"]
[PlyCount "43"]
[EventDate "2010.12.03"]
[EventType "swiss"]
[EventRounds "10"]
[EventCountry "ESP"]
[Source "lmi"]
[SourceDate "2010.12.03"]

1. e4 d6 2. d4 g6 3. Nc3 Bg7 4. f4 Nf6 5. Nf3 O-O 6. Bd3 c5 7. d5 a6 8. a4 Re8
9. O-O e5 10. fxe5 dxe5 11. Kh1 Nbd7 12. Bg5 Qb6 13. Rb1 Qd6 14. Qd2 Qf8 15.
Bc4 h6 16. Be3 Ng4 17. Bg1 Nb6 18. Ba2 Qd6 19. h3 Nf6 20. Be3 Kh7 21. Qf2 Bd7
22. Bxc5 1-0

[Event "Benidorm 2010 - Sub-2000"]
[Site "Benidorm ESP"]
[Date "2010.12.05"]
[Round "3.58"]
[White "Diaz Begonte, Manuel"]
[Black "Alcobas Cervantes, Miguel Angel"]
[Result "1-0"]
[WhiteElo "1781"]
[BlackElo "1967"]
[PlyCount "47"]
[EventDate "2010.12.03"]
[EventType "swiss"]
[EventRounds "10"]
[EventCountry "ESP"]
[Source "lmi"]
[SourceDate "2010.12.03"]

1. e4 d5 2. exd5 Qxd5 3. Nc3 Qa5 4. b4 Qxb4 5. Rb1 Qa5 6. Nf3 c6 7. Bc4 e6 8.
O-O Nf6 9. Bb2 Be7 10. Qe2 O-O 11. Rfe1 Re8 12. d4 b5 13. Bb3 Na6 14. Ne5 Qb6
15. Ne4 h6 16. c4 Nc7 17. c5 Qb7 18. Qf3 Ncd5 19. Rbc1 a5 20. g4 Nxe4 21. Qxf7+
Kh7 22. Qg6+ Kg8 23. Qxe8+ Bf8 24. Rxe4 1-0

[Event "Benidorm 2010 - Sub-2000"]
[Site "Benidorm ESP"]
[Date "2010.12.06"]
[Round "4.1"]
[White "Moya De La Flor, Daniel"]
[Black "Ledo Galan, Jose Emilio"]
[Result "1/2-1/2"]
[WhiteElo "1954"]
[BlackElo "1998"]
[PlyCount "113"]
[EventDate "2010.12.03"]
[EventType "swiss"]
[EventRounds "10"]
[EventCountry "ESP"]
[Source "lmi"]
[SourceDate "2010.12.03"]

1. e4 c5 2. Nf3 Nc6 3. d4 cxd4 4. Nxd4 e5 5. Nb5 d6 6. N1c3 a6 7. Na3 Be6 8.
Nc4 b5 9. Ne3 Nf6 10. Bd3 Nb4 11. a3 Nxd3+ 12. Qxd3 Be7 13. O-O O-O 14. Ned5
Nxd5 15. Nxd5 Bxd5 16. Qxd5 Rc8 17. c3 Qd7 18. Be3 Qc6 19. Rfd1 Qxd5 20. Rxd5
Rc4 21. f3 f5 22. exf5 Rxf5 23. Bd2 Kf7 24. b3 Rc6 25. a4 bxa4 26. Rxa4 Bd8 27.
Kf2 Ke6 28. c4 Rf7 29. Ba5 Bb6+ 30. Bxb6 Rxb6 31. Rd3 Rfb7 32. Ra3 a5 33. Ke3
Rb4 34. g3 g5 35. Kd2 a4 36. bxa4 Rb2+ 37. Kc3 Rxh2 38. a5 h5 39. a6 Ra7 40.
Kb4 Rb2+ 41. Ka5 Kd7 42. Rdb3 Rxb3 43. Rxb3 Kc7 44. Rb1 g4 45. fxg4 hxg4 46.
Rh1 Kc6 47. Rh8 Re7 48. Rc8+ Rc7 49. Rg8 Re7 50. Rxg4 e4 51. Rg8 e3 52. Rc8+
Kd7 53. a7 e2 54. a8=Q e1=Q+ 55. Kb6 Qb4+ 56. Ka6 Qe1 57. Qc6+ 1/2-1/2

[Event "Benidorm 2010 - Sub-2000"]
[Site "Benidorm ESP"]
[Date "2010.12.06"]
[Round "4.2"]
[White "Ferrandiz Iserte, Albert"]
[Black "Dimitrijevic, Dragan"]
[Result "0-1"]
[WhiteElo "1993"]
[BlackElo "1949"]
[PlyCount "56"]
[EventDate "2010.12.03"]
[EventType "swiss"]
[EventRounds "10"]
[EventCountry "ESP"]
[Source "lmi"]
[SourceDate "2010.12.03"]

1. e4 Nf6 2. e5 Nd5 3. c4 Nb6 4. d4 d6 5. exd6 cxd6 6. Nc3 g6 7. Be3 Bg7 8. Rc1
O-O 9. b3 Nc6 10. d5 Ne5 11. Be2 f5 12. f4 Nf7 13. Nf3 e5 14. dxe6 Bxe6 15. Bd4
Bh6 16. g3 d5 17. cxd5 Nxd5 18. Nxd5 Bxd5 19. O-O Re8 20. Ba1 Qb6+ 21. Kg2 Rad8
22. Qe1 Qe3 23. Rc2 Be4 24. Qc3 Bxc2 25. Qb2 Qxe2+ 26. Rf2 Bd3 27. Qf6 Qe6 28.
Qb2 Be4 0-1

[Event "Benidorm 2010 - Sub-2000"]
[Site "Benidorm ESP"]
[Date "2010.12.06"]
[Round "4.3"]
[White "Castrillo Mansego, Pablo"]
[Black "Bote Kobolo, Benjamin"]
[Result "0-1"]
[WhiteElo "1949"]
[BlackElo "1991"]
[PlyCount "94"]
[EventDate "2010.12.03"]
[EventType "swiss"]
[EventRounds "10"]
[EventCountry "ESP"]
[Source "lmi"]
[SourceDate "2010.12.03"]

1. e4 Nc6 2. d4 e5 3. Nf3 exd4 4. Nxd4 Bc5 5. Be3 Qf6 6. c3 Nge7 7. Be2 Qg6 8.
Bf3 Ne5 9. Nd2 Nd3+ 10. Kf1 Ne5 11. Qe2 Nxf3 12. Qxf3 O-O 13. h4 d5 14. h5 Qa6+
15. Kg1 h6 16. Nf5 dxe4 17. Nxe7+ Bxe7 18. Nxe4 Qc4 19. b3 Qc6 20. Bd4 Be6 21.
Qg3 f6 22. Re1 Rae8 23. f3 Rf7 24. Qg6 b6 25. Ng5 hxg5 26. h6 Qd7 27. hxg7 Rxg7
28. Qh5 Bf5 29. f4 Rh7 30. Qe2 Rxh1+ 31. Kxh1 g4 32. Bxf6 Kf7 33. Be5 Bc5 34.
b4 Bd6 35. Rd1 Qe6 36. Re1 Qh6+ 37. Kg1 g3 38. Qc4+ Be6 39. Qd3 Qh2+ 40. Kf1
Bg4 41. Qd5+ Re6 42. Bd4 Qh5 43. Qc4 Qf5 44. Kg1 Kg6 45. Re3 Qb1+ 46. Qf1 Qxf1+
47. Kxf1 Bxf4 0-1

[Event "Benidorm 2010 - Sub-2000"]
[Site "Benidorm ESP"]
[Date "2010.12.06"]
[Round "4.5"]
[White "Moragrega Herrero, Juan Jose"]
[Black "Mingarro Carceller, Sergio"]
[Result "0-1"]
[WhiteElo "1986"]
[BlackElo "1917"]
[PlyCount "46"]
[EventDate "2010.12.03"]
[EventType "swiss"]
[EventRounds "10"]
[EventCountry "ESP"]
[Source "lmi"]
[SourceDate "2010.12.03"]

1. c4 f5 2. d4 Nf6 3. Nc3 g6 4. g3 Bg7 5. Bg2 O-O 6. f3 d6 7. Nh3 e5 8. e3 c6
9. O-O Na6 10. Nf2 g5 11. f4 gxf4 12. exf4 e4 13. Be3 Nc7 14. Qd2 d5 15. c5 h5
16. h4 Ne6 17. b4 Qe8 18. a4 Qg6 19. Ne2 Bd7 20. Rfb1 a6 21. Nh3 Ng4 22. Nc3
Nxe3 23. Qxe3 Bxd4 0-1

[Event "Benidorm 2010 - Sub-2000"]
[Site "Benidorm ESP"]
[Date "2010.12.06"]
[Round "4.7"]
[White "Frey, Armin"]
[Black "Garcia-castany, Musellas Gal La"]
[Result "0-1"]
[WhiteElo "1962"]
[BlackElo "1863"]
[PlyCount "44"]
[EventDate "2010.12.03"]
[EventType "swiss"]
[EventRounds "10"]
[EventCountry "ESP"]
[Source "lmi"]
[SourceDate "2010.12.03"]

1. f4 d5 2. e3 Nf6 3. Nf3 Bg4 4. Be2 Nbd7 5. O-O Bxf3 6. Bxf3 e5 7. fxe5 Nxe5
8. d3 Bd6 9. Nc3 c6 10. d4 Nxf3+ 11. Qxf3 Qc7 12. g3 O-O 13. e4 Qb6 14. Qd3
Rae8 15. Rxf6 gxf6 16. exd5 Re1+ 17. Kf2 Rfe8 18. Bf4 Rxa1 19. Bxd6 cxd5 20.
Bc5 Qe6 21. Qf3 Qe1+ 22. Kg2 Qh1+ 0-1

[Event "Benidorm 2010 - Sub-2000"]
[Site "Benidorm ESP"]
[Date "2010.12.06"]
[Round "4.10"]
[White "Gomez Peco, David"]
[Black "Vieito Soria, Luis Maria"]
[Result "1-0"]
[WhiteElo "1993"]
[BlackElo "1942"]
[PlyCount "71"]
[EventDate "2010.12.03"]
[EventType "swiss"]
[EventRounds "10"]
[EventCountry "ESP"]
[Source "lmi"]
[SourceDate "2010.12.03"]

1. e4 e5 2. Nf3 Nc6 3. d4 exd4 4. Nxd4 Bc5 5. Be3 Bb6 6. Nc3 d6 7. Bc4 Ne5 8.
Be2 Nf6 9. h3 Bd7 10. f4 Nc6 11. Qd3 Qe7 12. O-O-O O-O-O 13. Bf3 Nb4 14. Qd2
Nc6 15. Rhe1 Rhe8 16. g4 Kb8 17. g5 Ng8 18. Nd5 Qf8 19. Nb5 Ba5 20. Qf2 a6 21.
Ba7+ Kc8 22. Nbxc7 Bxe1 23. Rxe1 Nge7 24. Qb6 Nxa7 25. Qxa7 Nxd5 26. Nxd5 Bc6
27. Bg4+ Re6 28. Re3 h5 29. gxh6 f5 30. hxg7 Qxg7 31. Bxf5 Qg1+ 32. Kd2 Qf2+
33. Kc3 Kd7 34. Qd4 Bxd5 35. exd5 Rf8 36. Kb3 1-0

[Event "Benidorm 2010 - Sub-2000"]
[Site "Benidorm ESP"]
[Date "2010.12.06"]
[Round "4.12"]
[White "Rios Torondell, Jaume"]
[Black "Moya Albaladejo, Jose Antonio"]
[Result "0-1"]
[WhiteElo "1991"]
[BlackElo "1929"]
[PlyCount "28"]
[EventDate "2010.12.03"]
[EventType "swiss"]
[EventRounds "10"]
[EventCountry "ESP"]
[Source "lmi"]
[SourceDate "2010.12.03"]

1. e4 Nf6 2. e5 Nd5 3. d4 d6 4. c4 Nb6 5. f4 g6 6. Nc3 Bg7 7. Nf3 O-O 8. Be3
Be6 9. b3 c5 10. dxc5 N6d7 11. cxd6 exd6 12. Qxd6 Nxe5 13. fxe5 Qxd6 14. exd6
Bxc3+ 0-1

[Event "Benidorm 2010 - Sub-2000"]
[Site "Benidorm ESP"]
[Date "2010.12.06"]
[Round "4.13"]
[White "Arroyo Rodriguez, Jesus"]
[Black "Sacristan Latorre, Alberto"]
[Result "1/2-1/2"]
[WhiteElo "1988"]
[BlackElo "1928"]
[PlyCount "34"]
[EventDate "2010.12.03"]
[EventType "swiss"]
[EventRounds "10"]
[EventCountry "ESP"]
[Source "lmi"]
[SourceDate "2010.12.03"]

1. e4 c5 2. Nf3 d6 3. d4 cxd4 4. Nxd4 Nf6 5. Nc3 a6 6. Be2 b5 7. a3 Bb7 8. f3
e6 9. O-O Be7 10. Be3 O-O 11. Qe1 Nbd7 12. Rd1 Qc7 13. Qg3 Ne5 14. Bh6 Nh5 15.
Qh3 Nf6 16. Qg3 Nh5 17. Qh3 Nf6 1/2-1/2

[Event "Benidorm 2010 - Sub-2000"]
[Site "Benidorm ESP"]
[Date "2010.12.06"]
[Round "4.15"]
[White "Lucas Navas, Jose Manuel"]
[Black "Valdezate Suarez, Fernando"]
[Result "0-1"]
[WhiteElo "1915"]
[BlackElo "1986"]
[PlyCount "86"]
[EventDate "2010.12.03"]
[EventType "swiss"]
[EventRounds "10"]
[EventCountry "ESP"]
[Source "lmi"]
[SourceDate "2010.12.03"]

1. c3 d5 2. d4 Bf5 3. e3 Nf6 4. Bd3 Bxd3 5. Qxd3 Nbd7 6. f4 e6 7. Nf3 c5 8. O-O
Qb6 9. Qc2 Rc8 10. Bd2 Ne4 11. Be1 Bd6 12. Nbd2 Ndf6 13. Nxe4 Nxe4 14. Nd2 Nxd2
15. Qxd2 O-O 16. Rf3 f5 17. Bh4 Qc7 18. Raf1 b5 19. a3 a5 20. Rc1 c4 21. Ra1
Rb8 22. Rff1 Rb7 23. Ra2 Rfb8 24. Rfa1 h6 25. Be1 g5 26. g3 g4 27. Qc2 a4 28.
Rb1 Qh7 29. Raa1 h5 30. Rd1 Rg7 31. Rd2 Kf7 32. Rg2 Rh8 33. Rd1 Be7 34. Rdd2 h4
35. Rge2 Rg6 36. Rg2 Rh6 37. Rge2 hxg3 38. Bxg3 Rh3 39. Rg2 Bh4 40. Kf2 Bxg3+
41. hxg3 Rh2 42. Ke1 Rh1+ 43. Kf2 Qh2 0-1

[Event "Benidorm 2010 - Sub-2000"]
[Site "Benidorm ESP"]
[Date "2010.12.06"]
[Round "4.21"]
[White "Fuset Torralba, Jose Luis"]
[Black "Elizondo Market, Juan Marcos"]
[Result "0-1"]
[WhiteElo "1842"]
[BlackElo "1952"]
[PlyCount "44"]
[EventDate "2010.12.03"]
[EventType "swiss"]
[EventRounds "10"]
[EventCountry "ESP"]
[Source "lmi"]
[SourceDate "2010.12.03"]

1. c4 e5 2. Nc3 Nf6 3. Nf3 Nc6 4. g3 Bc5 5. e3 d6 6. Bg2 Bg4 7. d3 O-O 8. O-O
Re8 9. a3 a5 10. Qc2 Qd7 11. Nd5 Nxd5 12. cxd5 Ne7 13. Nxe5 dxe5 14. Qxc5 b6
15. Qc4 b5 16. Qc5 Rad8 17. e4 c6 18. dxc6 Nxc6 19. f3 Be6 20. f4 exf4 21. Bxf4
Nd4 22. Rf2 Nb3 0-1

[Event "Benidorm 2010 - Sub-2000"]
[Site "Benidorm ESP"]
[Date "2010.12.06"]
[Round "4.24"]
[White "Carrasco Fernandez, Manuel"]
[Black "Fuentes Arjona, Antonio"]
[Result "0-1"]
[WhiteElo "1851"]
[BlackElo "1996"]
[PlyCount "40"]
[EventDate "2010.12.03"]
[EventType "swiss"]
[EventRounds "10"]
[EventCountry "ESP"]
[Source "lmi"]
[SourceDate "2010.12.03"]

1. Nf3 d5 2. b3 c5 3. Bb2 Nc6 4. e3 Nf6 5. Bb5 Bd7 6. Bxc6 Bxc6 7. d3 g6 8.
Nbd2 Bg7 9. Qe2 a5 10. Ne5 Qc7 11. f4 O-O 12. O-O b5 13. Nxc6 Qxc6 14. Nf3 Qc7
15. Ne5 Rfd8 16. Rf3 Nd7 17. d4 c4 18. bxc4 bxc4 19. e4 Qb6 20. Ba3 Qxd4+ 0-1

[Event "Benidorm 2010 - Sub-2000"]
[Site "Benidorm ESP"]
[Date "2010.12.06"]
[Round "4.38"]
[White "Picazo Gonzalez, Alejandro"]
[Black "Olmos Rosa, Fernando"]
[Result "1-0"]
[WhiteElo "1955"]
[BlackElo "1814"]
[PlyCount "63"]
[EventDate "2010.12.03"]
[EventType "swiss"]
[EventRounds "10"]
[EventCountry "ESP"]
[Source "lmi"]
[SourceDate "2010.12.03"]

1. e4 Nf6 2. e5 Nd5 3. d4 d6 4. Nf3 dxe5 5. Nxe5 Nd7 6. Nxf7 Kxf7 7. Qh5+ Ke6
8. c4 N5f6 9. d5+ Kd6 10. Qe2 Nb8 11. Bf4+ Kd7 12. Nc3 Ke8 13. Nb5 Na6 14. d6
Kf7 15. dxc7 Qd7 16. Rd1 Qe6 17. Qxe6+ Kxe6 18. g3 g6 19. Rd8 Kf7 20. Bg2 Nc5
21. Bh3 Ne6 22. Bxe6+ Kxe6 23. Rxc8 Bg7 24. Rxh8 Bxh8 25. Nxa7 Kd7 26. c8=Q+
Rxc8 27. Nxc8 Kxc8 28. Ke2 Nh5 29. Bg5 Bxb2 30. Bxe7 Kd7 31. Bg5 Ng7 32. Rb1
1-0

[Event "Benidorm 2010 - Sub-2000"]
[Site "Benidorm ESP"]
[Date "2010.12.06"]
[Round "4.39"]
[White "Olabe Odriozola, Eduardo"]
[Black "Lopez Diaz, Rafael"]
[Result "1-0"]
[WhiteElo "1943"]
[BlackElo "1806"]
[PlyCount "67"]
[EventDate "2010.12.03"]
[EventType "swiss"]
[EventRounds "10"]
[EventCountry "ESP"]
[Source "lmi"]
[SourceDate "2010.12.03"]

1. e4 e5 2. Nf3 Nc6 3. Bc4 Nf6 4. Ng5 d5 5. exd5 Na5 6. Bb5+ c6 7. dxc6 bxc6 8.
Bd3 h6 9. Ne4 Nd5 10. O-O Nf4 11. Be2 Nxe2+ 12. Qxe2 Be6 13. d3 Be7 14. Nbd2
O-O 15. b3 Qd4 16. Rb1 Rfd8 17. Bb2 Qd5 18. Nf3 f6 19. h3 c5 20. Rbd1 Nc6 21.
c3 Bf7 22. Qe3 Na5 23. Nh4 Rac8 24. Nf5 Bf8 25. Nxh6+ Kh7 26. Nxf7 Qxf7 27. f4
exf4 28. Qxf4 Qg6 29. Rf3 Rd5 30. Rdf1 Qh6 31. Nxf6+ Qxf6 32. Qe4+ Qg6 33. Qxd5
Rc6 34. Rxf8 1-0

[Event "Benidorm 2010 - Sub-2000"]
[Site "Benidorm ESP"]
[Date "2010.12.06"]
[Round "4.46"]
[White "De Esteban De Esteban, Valentin"]
[Black "Zabala Perez, Aritz"]
[Result "0-1"]
[WhiteElo "1811"]
[BlackElo "1910"]
[PlyCount "42"]
[EventDate "2010.12.03"]
[EventType "swiss"]
[EventRounds "10"]
[EventCountry "ESP"]
[Source "lmi"]
[SourceDate "2010.12.03"]

1. e4 e5 2. Nf3 Nc6 3. Bc4 Nf6 4. Nc3 Nxe4 5. Bxf7+ Kxf7 6. Nxe4 Be7 7. O-O d5
8. Ng3 Rf8 9. d3 Kg8 10. h3 Bd6 11. b3 Qf6 12. Bb2 Bxh3 13. gxh3 Qxf3 14. Qxf3
Rxf3 15. Kg2 Raf8 16. a3 Ne7 17. Rae1 Ng6 18. Re2 R3f4 19. Rfe1 Rh4 20. Bc1
Nf4+ 21. Bxf4 exf4 0-1

[Event "Benidorm 2010 - Sub-2000"]
[Site "Benidorm ESP"]
[Date "2010.12.06"]
[Round "5.1"]
[White "Bote Kobolo, Benjamin"]
[Black "Albers, Andreas"]
[Result "0-1"]
[WhiteElo "1991"]
[BlackElo "1932"]
[PlyCount "111"]
[EventDate "2010.12.03"]
[EventType "swiss"]
[EventRounds "10"]
[EventCountry "ESP"]
[Source "lmi"]
[SourceDate "2010.12.03"]

1. e4 e6 2. Bb5 c6 3. Ba4 d5 4. Qe2 dxe4 5. Qxe4 Nf6 6. Qe2 Bc5 7. Nf3 O-O 8.
O-O Qc7 9. d4 Bd6 10. c4 c5 11. Bg5 Nbd7 12. Nc3 a6 13. Rad1 cxd4 14. Rxd4 h6
15. Rfd1 Bc5 16. Bxf6 Nxf6 17. Rh4 Rd8 18. Rf1 Bd7 19. Bc2 Qb6 20. Ne5 Bc6 21.
Nxc6 Qxc6 22. Ne4 Be7 23. Nxf6+ Bxf6 24. b4 Rd4 25. Be4 Qb6 26. a3 Rad8 27. g3
Kh8 28. Kh1 Kg8 29. Kg2 Kh8 30. Kg1 Kg8 31. Rh5 Qc7 32. c5 Bg5 33. Qf3 a5 34.
Rb1 g6 35. Rh3 R8d7 36. b5 Qxc5 37. Bxb7 Qc2 38. Rf1 Rd1 39. Qe4 Rxf1+ 40. Kxf1
Rd1+ 41. Kg2 Qc1 42. Kf3 Qc3+ 43. Kg2 Qc1 44. Kf3 Re1 45. Qd3 Re5 46. g4 Qh1+
47. Kg3 Qxb7 48. f4 Rd5 49. Qc4 Bf6 50. a4 Rd4 51. Qc2 Qd7 52. g5 hxg5 53. b6
gxf4+ 54. Kf3 Rd3+ 55. Ke2 Rxh3 56. Qc5 0-1

[Event "Benidorm 2010 - Sub-2000"]
[Site "Benidorm ESP"]
[Date "2010.12.06"]
[Round "5.2"]
[White "Nicolas Zapata, Javier"]
[Black "Mingarro Carceller, Sergio"]
[Result "1/2-1/2"]
[WhiteElo "1959"]
[BlackElo "1917"]
[PlyCount "62"]
[EventDate "2010.12.03"]
[EventType "swiss"]
[EventRounds "10"]
[EventCountry "ESP"]
[Source "lmi"]
[SourceDate "2010.12.03"]

1. f4 Nf6 2. Nf3 g6 3. Nc3 d5 4. d3 Bg7 5. g3 O-O 6. Bg2 c5 7. O-O Nc6 8. e4 d4
9. Ne2 e6 10. h3 b5 11. g4 a5 12. Ng3 Qc7 13. g5 Ne8 14. e5 Bb7 15. Nh2 h6 16.
h4 hxg5 17. hxg5 Kh7 18. Ng4 Rh8 19. Ne4 Kg8 20. Kf2 Ne7 21. Rh1 Nf5 22. Rxh8+
Bxh8 23. Qh1 c4 24. Nef6+ Bxf6 25. Bxb7 cxd3 26. Bxa8 Qxc2+ 27. Kg1 Qd1+ 28.
Kh2 Qxg4 29. Qg2 Qh4+ 30. Qh3 Qf2+ 31. Qg2 Qh4+ 1/2-1/2

[Event "Benidorm 2010 - Sub-2000"]
[Site "Benidorm ESP"]
[Date "2010.12.06"]
[Round "5.3"]
[White "Dimitrijevic, Dragan"]
[Black "Garcia-castany, Musellas Gal La"]
[Result "1-0"]
[WhiteElo "1949"]
[BlackElo "1863"]
[PlyCount "47"]
[EventDate "2010.12.03"]
[EventType "swiss"]
[EventRounds "10"]
[EventCountry "ESP"]
[Source "lmi"]
[SourceDate "2010.12.03"]

1. Nf3 d5 2. c4 c6 3. d4 Nf6 4. Nc3 e6 5. Qb3 Nbd7 6. Bf4 Be7 7. e3 Nh5 8. Bg3
Nxg3 9. hxg3 Qc7 10. Qc2 Nf6 11. O-O-O Ng4 12. Kb1 h5 13. e4 dxe4 14. Nxe4 e5
15. Nxe5 Nxe5 16. dxe5 Qxe5 17. f4 Qc7 18. c5 Be6 19. Bc4 Bxc4 20. Qxc4 Rd8 21.
Rxd8+ Qxd8 22. Qe2 Qd5 23. Nd6+ Kd7 24. Rd1 1-0